000 00378nam a2200145 i 4500
001 bg
100 1 _aCYUNEL, Bogdan
245 0 _aOrganizacja i ekonomika budownictwa komunikacyjnego /
_cBogdan Cyunel.
260 _aWarszawa,
_c1980.
040 _cBPK
041 _apol
080 _a624.2/.8:658.1/.5:625](085.8)
942 _cKS
008 s pl f |000 0 pol
999 _c19236
_d19236
856 _uhttp://koha.tu.koszalin.pl/cgi-bin/koha/opac-detail.pl?biblionumber=19236
_yKatalog online BPK